Statistics for Torchbearers of Liberalism

Click here to take the quiz!

General Stats

  • This quiz has been taken 31 times
  • The average score is 6 of 16

Answer Stats

Answer % Correct
Barack Obama
97%
Lyndon Johnson
79%
Franklin Roosevelt
76%
Hillary Clinton
72%
Albert Gore
62%
Pierre Trudeau
59%
Geert Wilders
31%
Charles Dickens
24%
David Lloyd George
24%
Nick Clegg
21%
Matteo Renzi
17%
Enrique Pena Nieto
14%
Lester Pearson
14%
Michael Ignatieff
10%
Christian Lindner
3%
Yair Lapid
0%

Score Distribution

Percentile by Number Answered

Percent of People with Each Score

Your Score History

You have not taken this quiz